Database management systems (Record no. 488)

000 -LEADER
fixed length control field 00537nam a22002177a 4500
001 - CONTROL NUMBER
control field 488
003 - CONTROL NUMBER IDENTIFIER
control field BD-DhUET
008 - FIXED-LENGTH DATA ELEMENTS--GENERAL INFORMATION
fixed length control field 140722b xxu||||| |||| 00| 0 eng d
020 ## - INTERNATIONAL STANDARD BOOK NUMBER
International Standard Book Number 0072465638
040 ## - CATALOGING SOURCE
Transcribing agency 0
Modifying agency BD-DhUET
082 ## - DEWEY DECIMAL CLASSIFICATION NUMBER
Classification number 005.74
Item number RAM/2003
100 ## - MAIN ENTRY--PERSONAL NAME
Personal name Ramakrishnan, Raghu
245 ## - TITLE STATEMENT
Title Database management systems
250 ## - EDITION STATEMENT
Edition statement 3rd ed.
260 ## - PUBLICATION, DISTRIBUTION, ETC. (IMPRINT)
Place of publication, distribution, etc. Boston
Name of publisher, distributor, etc. McGraw-Hill
Date of publication, distribution, etc. 2003
300 ## - PHYSICAL DESCRIPTION
Extent xxxii,1065p.
504 ## - BIBLIOGRAPHY, ETC. NOTE
Bibliography, etc Includes bibliographies
650 #0 - SUBJECT ADDED ENTRY--TOPICAL TERM
Topical term or geographic name as entry element Database management
700 ## - ADDED ENTRY--PERSONAL NAME
Personal name Gehrke, Jahannes
942 ## - ADDED ENTRY ELEMENTS (KOHA)
Koha item type General Book
Holdings
Not for loan Piece designation (barcode) Location (home branch) Damaged status Sublocation or collection (holding branch) Lost status Koha item type Copy number Withdrawn status Date acquired Shelving location Price effective from Koha date last seen Koha normalized classification for sorting Source of classification or shelving scheme Koha full call number
 110619Central Library, BUET Central Library, BUET General Book1 2014-07-22Circulation section2014-07-222014-07-22005_740000000000000_RAM_2003 005.74/RAM/2003
 107132Central Library, BUET Central Library, BUET General Book2 2014-10-20Circulation section2014-10-202014-10-20005_740000000000000_RAM_2003 005.74/RAM/2003
 102553Central Library, BUET Central Library, BUET Reading Item3 2015-06-06Reading section2015-06-062015-06-06005_740000000000000_RAM_2003 005.74/RAM/2003
 102171Central Library, BUET Central Library, BUET Reading Item4 2015-06-09Reading section2015-06-092015-06-09005_740000000000000_RAM_2003 005.74/RAM/2003
 107131Central Library, BUET Central Library, BUET General Book5 2009-05-16Circulation section2017-03-222017-03-22005_740000000000000_RAM_2003 005.74/RAM/2003